Never Enough - Lyrics - Statistics

General Stats
  • This quiz has been taken 97 times
  • The average score is 48 of 50
Answer Stats
Answer % Correct
Can't {let} this moment end
97%
For {me}
97%
For {me}
97%
For {me}
97%
{For} me
97%
For {me}
97%
{For} me
97%
For {me}
97%
For {me}
97%
{For} me
97%
For {me}
97%
{For} me
97%
{Never} be enough
97%
Never be {enough}
97%
{Never} be enough
97%
{Never} be enough
97%
Never {be} enough
97%
{Never} be enough
97%
Never {enough}
97%
{Never} enough
97%
Never {enough}
97%
Never {enough}
97%
Never {enough}
97%
Never {enough}
97%
Never, {for} me
97%
Never, {for} me
97%
Never, {never}
97%
{Never}, never
97%
Never, {never}
97%
{Never}, never
97%
Never, {never}
97%
{Never}, never
97%
Take {my} hand
97%
Towers of gold are still {to} little
97%
Will never {be} enough
97%
Will never {be} enough
97%
All the shine of a {thousand} spotlights
95%
All the shine of a {thousand} spotlights
95%
All the stars {we} steal from the night sky
95%
All the {stars} we steal from the night sky
95%
Let it stay {this} way
95%
These hands could {hold} the world but it'll
95%
{Towers} of gold are still to little
93%
I'm {trying} to hold my breath
92%
These hands could hold the world but {it'll}
92%
'{Cause} darling with out you
90%
Getting {louder} now
90%
You set {off} a dream in me
90%
Can you hear it {echoing}?
85%
Will you {share} this with me?
85%
No matching quizzes found
Score Distribution
Percent of People with Each Score
Percentile by Number Answered
Your Score History
You have not taken this quiz